书目信息 |
| 题名: |
存在与虚无
|
|
| 作者: | 萨特 著 ;陈宣良 译 | |
| 分册: | ||
| 出版信息: | 北京 生活·读书·新知三联书店 2014 |
|
| 页数: | 762页 | |
| 开本: | 21cm | |
| 丛书名: | 现代西方学术文库 | |
| 单 册: | ||
| 中图分类: | B086 , B565.53 | |
| 科图分类: | ||
| 主题词: | 存在主义--研究 | |
| 电子资源: | ||
| ISBN: | 978-7-108-05098-4 | |
| 000 | 00996nam0 2200301 450 | |
| 001 | 5854 | |
| 005 | 20161214090526.23 | |
| 010 | @a978-7-108-05098-4@b精装@dCNY68.00 | |
| 100 | @a20141031d2014 em y0chiy50 ea | |
| 101 | 1 | @achi@cfre |
| 102 | @aCN@b110000 | |
| 105 | @ay z 000yy | |
| 200 | 1 | @a存在与虚无@9cun zai yu xu wu@e修订译本@f(法)萨特著@g陈宣良等译 |
| 210 | @a北京@c生活·读书·新知三联书店@d2014 | |
| 215 | @a762页@d21cm | |
| 225 | 2 | @a现代西方学术文库 |
| 312 | @a法文原名:L'etre et le neant | |
| 330 | @a本书分四卷,论述了虚无的问题;自为的存在;为他;拥有、作为和存在等哲学问题。 | |
| 461 | 0 | @1001012000003830 |
| 500 | 10 | @a存在与虚无@9cun zai yu xu wu |
| 510 | 1 | @aEtre et le neant@zfre |
| 606 | 0 | @a存在主义@x研究 |
| 690 | @aB086@v5 | |
| 690 | @aB565.53@v5 | |
| 701 | 0 | @a萨特@9sa te@c(法)@c(Sartre, Jean-Paul@f1905~1980)@4著 |
| 702 | 0 | @a陈宣良@9chen xuan liang@4译 |
| 801 | 0 | @aCN@b大连网信软件有限公司图书馆·11@c20161214 |
| 905 | @aZUCC@dB086@e63 | |
| 存在与虚无:修订译本/(法)萨特著/陈宣良等译.-北京:生活·读书·新知三联书店,2014 |
| 762页;21cm.-(现代西方学术文库) |
| ISBN 978-7-108-05098-4(精装):CNY68.00 |
| 本书分四卷,论述了虚无的问题;自为的存在;为他;拥有、作为和存在等哲学问题。 |
| ● |
| 相关链接 |
|
|
|
|
正题名:存在与虚无
索取号:B086/63
 
预约/预借
| 序号 | 登录号 | 条形码 | 馆藏地/架位号 | 状态 | 备注 |
| 1 | 0913456 | 209134569 | 第一样本阅览室/ [索取号:B086/63] | 在馆 | |
| 2 | 0913457 | 209134578 | 第一借阅区/ [索取号:B086/63] | 在馆 | |
| 3 | 0913458 | 209134587 | 第一借阅区/ [索取号:B086/63] | 在馆 | |
| 4 | 0913459 | 209134596 | 第一借阅区/ [索取号:B086/63] | 在馆 | |
| 5 | 0913460 | 209134603 | 第一借阅区/ [索取号:B086/63] | 在馆 |